Normal view
MARC view
- Dayam, Abdul Dayam. Qazi
Entry Personal Name
001 - CONTROL NUMBER
- control field: 77630
003 - CONTROL NUMBER IDENTIFIER
- control field: NUST
005 - DATE AND TIME OF LATEST TRANSACTION
- control field: 20210628205943.0
008 - FIXED-LENGTH DATA ELEMENTS
- fixed length control field: 210628|| aca||aabn | a|a d
040 ## - CATALOGING SOURCE
- Original cataloging agency: NUST
- Transcribing agency: NUST
100 ## - HEADING--PERSONAL NAME
- Personal name: Dayam, Abdul Dayam. Qazi
670 ## - SOURCE DATA FOUND
- Source citation: Work cat.: (NUST): Dayam, Abdul Dayam. Qazi, Syed ul waraah, 2003
